000 00383nam a22001217a 4500
999 _c18270
_d18270
008 230926b ||||| |||| 00| 0 eng d
100 _aDinoy, Orlando B.
_949346
245 _aLET secondary level topnotcher di makatuo /
_cOrlando B. Dinoy
260 _aPhilippines :
_bSunStar,
_cDecember 12, 2018.
300 _a1 page.
650 _aUniversity of Mindanao
_949347
942 _2ddc
_cPER